المرجع في تدريس التربية الإسلامية لمرحلة التعليم الأساسي / (رقم التسجيلة. 20263)

تفاصيل مارك
000 -الفاتح
عناصر البيانات ثابتة الطول 01004cam a2200253 i 4500
005 - تاريخ ووقت آخر معاملة
حقل ضبط 20251118090736.0
008 - عناصر البيانات ثابتة الطول
عناصر البيانات ثابتة الطول 250721s2009 jo gr 000 0 ara d
020 ## - الترقيم الدولي المعياري للكتب (ردمك)
الترقيم الدولي المعياري للكتب (ردمك) 9957076252
082 14 - رقم تصنيف ديوي العشري
رقم التصنيف 210.711
رقم المادة م ر ج
100 1# - مدخل رئيسي – اسم شخصي
الاسم الشخصي العمري، شوكت محمد
علاقة الشخص بالعمل/ دوره مؤلف.
245 12 - بيان العنوان
العنوان المرجع في تدريس التربية الإسلامية لمرحلة التعليم الأساسي /
بيان المسؤولية د.شوكت محمد العمري, و[3آخرون].
250 ## - بيان الطبعة
بيان الطبعة الطبعة الاولى.
264 31 - بيانات النشر، التوزيع…إلخ
مكان النشر، التوزيع...إلخ عمان :
اسم الناشر، الموزع...إلخ دار الفكر للنشر و التوزيع،
تاريخ النشر، التوزيع...إلخ 2009.
300 ## - الوصف المادي
عدد الوحدات المكونة للوعاء 356 صفحة.
650 17 - مدخل إضافي بالموضوع - مصطلح موضوعي
مصطلح موضوعي أو اسم جغرافي كعنصر مدخل التعليم الاساسي.
650 17 - مدخل إضافي بالموضوع - مصطلح موضوعي
مصطلح موضوعي أو اسم جغرافي كعنصر مدخل التربيه الاسلاميه.
650 17 - مدخل إضافي بالموضوع - مصطلح موضوعي
مصطلح موضوعي أو اسم جغرافي كعنصر مدخل التعلم.
650 17 - مدخل إضافي بالموضوع - مصطلح موضوعي
مصطلح موضوعي أو اسم جغرافي كعنصر مدخل اساليب التدريس.
700 1# - مدخل إضافي - اسم شخصي
الاسم الشخصي الخوالدة، ناصر احمد
علاقة الشخص بالعمل/ دوره مؤلف.
700 1# - مدخل إضافي - اسم شخصي
الاسم الشخصي الجلاد، ماجد زكي
علاقة الشخص بالعمل/ دوره مؤلف.
700 1# - مدخل إضافي - اسم شخصي
الاسم الشخصي يوسف، عمر خليل
علاقة الشخص بالعمل/ دوره مؤلف.
942 ## - بيانات إضافية (كوها)
نوع التنصيف Dewey Decimal Classification
نوع المادة (كوها) كتب
المقتنيات
حالة السحب حالة الفقدان مصدر التصنيف حالة التلف غير قابل للإعارة المكتبة الرئيسية المكتبة الحالية موقع الرف تاريخ التزويد الرقم المتسلسل Total Checkouts رقم الإستدعاء الباركود تاريخ آخر ظهور تاريخ الفاتورة نوع المادة (كوها)
    Dewey Decimal Classification     المكتبة المركزية المكتبة المركزية الإعارة 28/07/2025 1286152   210.711 / م ر ج PLD00085616 28/07/2025 28/07/2025 كتب
    Dewey Decimal Classification     المكتبة المركزية المكتبة المركزية الإعارة 06/04/2011 1440739   210.711 / م ر ج PLD00199748 28/07/2025 06/04/2011 كتب
    Dewey Decimal Classification     مكتبة أبو علندا العامة مكتبة أبو علندا العامة الإعارة 02/05/2009 1286154   210.711/مرج PLD00085785 28/07/2025 02/05/2009 كتب
    Dewey Decimal Classification     مكتبة الأميرة ايمان العامة مكتبة الأميرة ايمان العامة الإعارة 02/05/2009 1286155   210.711/مرج PLD00085786 28/07/2025 02/05/2009 كتب
    Dewey Decimal Classification     مكتبة الاميرة بديعة مكتبة الاميرة بديعة الإعارة 02/05/2009 1286156   210.711/مرج PLD00085787 28/07/2025 02/05/2009 كتب
    Dewey Decimal Classification     مكتبة البراعم الواعدة مكتبة البراعم الواعدة الإعارة 02/05/2009 1286157   210.711/مرج PLD00085788 28/07/2025 02/05/2009 كتب
    Dewey Decimal Classification     مكتبة الجويدة مكتبة الجويدة الإعارة 02/05/2009 1286158   210.711/مرج PLD00085789 28/07/2025 02/05/2009 كتب
Implemented & Customized by: BBB with SCIT (Smart Chains for Information Technology)

Powered by Koha